Corporate social responsibility of Islamic banks in Malaysia : a synthesis of Islamic and stakeholders' perspectives /
Saved in:
| Main Author: | |
|---|---|
| Format: | Thesis |
| Language: | English |
| Published: |
London :
Loughborough University,
2005
|
| Subjects: | |
| Tags: |
Add Tag
No Tags, Be the first to tag this record!
|
| LEADER | 017790000a22003610004500 | ||
|---|---|---|---|
| 001 | 338406 | ||
| 005 | 20230419111326.0 | ||
| 008 | 060213s2005 uk g 000 0 eng d | ||
| 035 | |a (Sirsi) 338406 | ||
| 040 | |a UIAM |b eng |e rda | ||
| 043 | |a a-my--- | ||
| 050 | 0 | 0 | |a HD60.5.M4 |
| 100 | 0 | |a Asyraf Wajdi Dusuki |9 33811 | |
| 245 | 1 | 0 | |a Corporate social responsibility of Islamic banks in Malaysia : |b a synthesis of Islamic and stakeholders' perspectives / |c by Asyraf Wajdi Dusuki |
| 260 | |a London : |b Loughborough University, |c 2005 | ||
| 300 | |a 292 leaves. ; |c 30 cm. | ||
| 336 | |2 rdacontent |a text | ||
| 337 | |2 rdamedia |a unmediated | ||
| 338 | |2 rdacarrier |a volume | ||
| 500 | |a "A Doctoral Thesis submitted in partial fulfilment of the requirements for the award of the Degree of Doctor of Philosophy."--On title page. | ||
| 502 | |a Thesis (Ph. D.)--Loughborough University, 2005. | ||
| 504 | |a Includes bibliographical references (leaves 230-258) | ||
| 530 | |a Also available on 4 3/4 in. computer optical disc. | ||
| 650 | 0 | |a Social responsibility of business |z Malaysia |9 8521 | |
| 650 | 0 | |a Banks and banking, Islamic |9 2310 | |
| 650 | 0 | |a Banks and banking |z Malaysia |9 18645 | |
| 655 | 0 | 7 | |a Theses, IIUM foreign |9 13634 |
| 730 | 0 | |a Corporate social responsibility of Islamic banks in Malaysia : a synthesis of Islamic and stakeholders' perspectives. (Computer file) |9 88560 | |
| 900 | |a obj-hj-his | ||
| 942 | |2 lcc |n 0 | ||
| 999 | |c 433758 |d 465225 | ||
| 952 | |0 0 |6 T HD 000060.5 M4 A861C 2005 |7 0 |8 THESES |9 753978 |a IIUM |b IIUM |c MULTIMEDIA |g 0.00 |o t HD 60.5 M4 A861C 2005 |p 00000999473 |r 2017-10-19 |t 1 |v 0.00 |y THESIS | ||
| 952 | |0 0 |6 TS CDF HD60.5M4A861C 2005 |7 0 |8 THESES |9 821943 |a IIUM |b IIUM |c MULTIMEDIA |g 0.00 |o ts cdf HD60.5M4A861C 2005 |p 11100325863 |r 2017-10-26 |t 1 |v 0.00 |y THESISDIG | ||
